000 00726nam a22002890a 4500
001 PT54150
003 AR-LpoUNG
005 20210131231620.0
008 191001s2010||||sp |||||||||||||||||spa d
020 _a9788430951277
_c$9,45
040 _aAR-LpoUNG
_bspa
_cAR-LpoUNG
_eaacr
041 _aspa
044 _asp
082 0 _a320.01 676pla
100 1 _aSoares, Lucas
245 1 0 _aPlatón y la política
250 _a1ra. ed.
260 _aMadrid :
_bTecnos,
_c2010.
300 _a258 p. :
_bfot.
650 4 _aASPECTOS EDUCATIVOS
650 4 _aASPECTOS POLITICOS
650 4 _aCIENCIA POLITICA
650 4 _aFILOSOFIA
651 4 _aDOCUMENTOS TEORICOS O METODOLOGICOS
905 _a54150
942 _cLIB
999 _c10997
_d10997